| 000 | 00798cam a22002413a 4500 | ||
|---|---|---|---|
| 001 | 31195 | ||
| 003 | PGUSA | ||
| 005 | 20140828083656.0 | ||
| 008 | 100206s2010||||xxu|||||s|||||000 | eng d | ||
| 040 |
_aPGUSA _beng |
||
| 042 | _adc | ||
| 050 | 4 | _aNC | |
| 100 | 1 | _aEveritt, Graham | |
| 245 | 1 | 0 |
_aEnglish Caricaturists and Graphic Humourists of the Nineteenth Century. : _bHow they Illustrated and Interpreted their Times. _h[electronic resource] / _cGraham Everitt |
| 260 |
_bProject Gutenberg, _c2010 |
||
| 506 | _aPublic domain in the USA. | ||
| 516 | _aElectronic text | ||
| 653 | _aCaricature -- Great Britain | ||
| 653 | _aIllustration of books -- Great Britain -- 19th century | ||
| 830 | 0 |
_aProject Gutenberg _v31195 |
|
| 856 | 4 | 0 | _uhttp://www.gutenberg.org/ebooks/31195 |
| 942 | _cEB | ||
| 999 |
_c260450 _d260450 |
||